000 00315nam a22001337a 4500
008 170621b xxu||||| |||| 00| 0 eng d
020 _a9780195123869
041 _aeng
080 _a94
100 _a16
101 _aSHH
245 _aAPPROACHES TO PEACE A READER IN PEACE STUDIES
_cBARASH,D.P
942 _2udc
_cBK
999 _c18494
_d18494